000 01439nam a22003377a 4500
003 DO-SdBNP
005 20260521073717.0
007 ta
008 210421e2020 dr ||||e |||| 001 0dspa d
020 _a9789587463156 (impreso)
020 _a9789587463163 (pdf)
020 _a9789587463170 (epub)
040 _aDO-SdBNP
_bspa
_cBNPHU
082 4 _a972.9
_bS225v
_222
100 1 _aSang, Mu-Kien A.
_d1955-
_q(Mu-Kien Adriana)
_9331
245 1 0 _aVolviendo al Caribe /
_cMu-Kien Adriana Sang Ben ; prólogo David Álvarez Martín.
260 _aSanta Marta , Colombia :
_bUniversidad de Magdalena,
_c2020.
300 _a510 p. ;
_c24 cm.
490 1 _aHumanidades y artes ;
_aHistoria
500 _aIncluye datos biográficos de la autora en la solapa de la cubierta
500 _aIncluye referencias bibliográficas y notas al pie de las páginas.
505 _aIntroducción
_t Prólogo --
_t ¿Por qué las plantaciones? --
_t ¿Integración caribeña? --
_tUn mito, un sueño --
_tViajando por el Caribe --
_tLibros sobre el Caribe
590 _aInventariado, 2021/MFF
651 0 _aCaribe (Región)
_xHistoria
_987401
651 0 _aCaribe (Región)
_xVida social y costumbres
_987401
651 0 _aCaribe (Región)
_xDescripción y viajes
_987401
700 1 _aÁlvarez Martín, David,
_epról.
_949551
830 0 _aHumanidades y artes ;
_978676
_p Historia
910 _aValidado. Control de calidad MFF
942 _2ddc
_cLBS1
999 _c49772
_d49772